[Event "42nd Olympiad"]
[Site "Baku"]
[Date "2016.09.05"]
[Round "4.25"]
[White "Bareev, Evgeny"]
[Black "Ali, Muhammad Lutfi"]
[Result "1-0"]
[WhiteElo "2675"]
[BlackElo "2411"]
[Annotator "John Upper"]
[PlyCount "87"]
[EventDate "2016.09.02"]
[EventType "team-swiss"]
[EventRounds "11"]
[EventCountry "AZE"]
[SourceTitle "Chess Canada 2016Olympia"]
[Source "CFC"]
[SourceDate "2016.12.01"]
[WhiteClock "0:34:20"]
[BlackClock "0:21:38"]

1. d4 d6 {White plays carelessly in the opening and falls into a terrible
position by move 13; but Black wastes his queenside pawns to allow White to
turn the tables.} 2. Nf3 g6 3. Bf4 Nf6 4. e3 Bg7 5. h3 O-O 6. Be2 {Diagram [#]}
(6. Bd3 {can leave the B exposed to ...e5-e4.}) 6... c5 (6... Nfd7 7. Bh2 e5 8.
Nc3 Nc6 {is the usual recipe for equalizing, when Black's dark-square pawns
blunt the Bh2 (...for now).} 9. O-O Re8 10. Re1 a6 11. a4 b6 12. Bc4 Bb7 13.
Bd5 Rb8 14. dxe5 dxe5 15. Qe2 Qe7 16. Rad1 Nc5 17. Qc4 a5 $11 {1-0 (70)
Carlsen,M (2850)-Radjabov,T (2738) Berlin 2015}) 7. Na3 $6 $146 {An
unsuccessful Novelty, as the Na3 will have nowhere to go.} (7. c3 Qb6 8. Qb3
Be6 9. Qxb6 axb6 10. a3 Bd5 11. O-O Bc6 12. Nbd2 Nbd7 13. Rfe1 Rfd8 14. Bh2 b5
$11 {0-1 (54) Morozevich,A (2722)-Grischuk,A (2777) Loo 2014}) 7... b6 $1 {
Now the Na3 won't be able to stop ...b5 for long, and it can't get to e5 since
on dxc5 Black will recapture with the b-pawn.} 8. O-O Bb7 9. Bh2 Nbd7 10. Rc1
a6 11. c4 Rc8 12. d5 b5 $11 (12... Nxd5 $5) 13. Nd2 $2 (13. Qc2 $11) 13... Nxd5
$1 $17 14. cxd5 Bxb2 15. Nab1 Bxc1 16. Qxc1 Bxd5 $17 {Diagram [#]} 17. Nc3 Be6
18. e4 Nb6 (18... c4 19. a3 Nc5) 19. Bf3 c4 (19... b4 20. Nd5 Bxd5 21. exd5 c4
$17) 20. Bf4 {Diagram [#]} d5 $2 {Breaking in the center when the opponent has
the B-pair??} (20... b4 $142 $1 21. Nd5 a5 $17) (20... Nd7 $142 $15) 21. exd5
Nxd5 22. Bh6 $13 Nxc3 23. Qxc3 f6 24. Ne4 Bf5 25. Qe3 Qd3 (25... Re8 26. Rd1
Qc7 $13) 26. Qa7 $1 (26. Qxd3 cxd3 27. Bxf8 Kxf8 28. Rd1 $14) 26... Qd7 27.
Qxa6 Rfd8 28. Nc3 {[#]} b4 $6 (28... Kf7 29. Nxb5 c3 30. Rc1 c2 31. Be3 Bd3 32.
a4 e5 $13) 29. Nd5 $16 b3 $6 (29... Kf7 30. Nxb4 c3) (29... c3 30. Re1 $18) 30.
axb3 cxb3 31. Qa3 Kf7 32. Nb6 $18 Qb5 33. Nxc8 Rxc8 34. Re1 Be6 35. Bg4 $1 f5
36. Qb2 $1 fxg4 37. Qg7+ Ke8 38. Rxe6 Qc5 39. Be3 Qb4 40. Rb6 Qe1+ 41. Kh2 g3+
42. Kxg3 Qc3 43. Qg8+ Kd7 44. Qe6+ 1-0

[Event "42nd Olympiad"]
[Site "Baku"]
[Date "2016.09.05"]
[Round "4.26"]
[White "Taher, Yoseph Theolifus"]
[Black "Kovalyov, Anton"]
[Result "0-1"]
[WhiteElo "2321"]
[BlackElo "2617"]
[Annotator "John Upper"]
[PlyCount "124"]
[EventDate "2016.09.02"]
[EventType "team-swiss"]
[EventRounds "11"]
[EventCountry "AZE"]
[SourceTitle "Chess Canada 2016Olympia"]
[Source "CFC"]
[SourceDate "2016.12.01"]
[WhiteClock "0:23:34"]
[BlackClock "1:03:09"]

1. e4 c5 2. Nf3 d6 3. Bb5+ Bd7 4. Bxd7+ Qxd7 5. c4 Nf6 6. Nc3 e6 {[#]} 7. d4 (
7. O-O Be7 8. d4 cxd4 9. Nxd4 O-O 10. Qe2 Nc6 11. Rd1 (11. Nxc6 $5) 11... a6
12. b3 Rac8 13. Bb2 Rfd8 14. Nc2 Qc7 15. Ne3 Qa5 16. f3 Nd7 17. Kh1 Nc5 18.
Ncd5 exd5 19. Nxd5 Bg5 (19... Bf8 20. b4 Nxb4 21. Bc3 {gets the piece back
with a plus.}) 20. Bc3 Qa3 21. Bb2 Qa5 22. b4 (22. Bc3 Qa3 $11) 22... Nxb4 23.
Bc3 Qa4 24. Bxb4 Ne6 25. Rab1 (25. Qe1 $1 Rxc4 26. Ba5 {and White gets an
exchange for the pawn.}) 25... Nf4 26. Nxf4 Bxf4 {½-½ (59) Bruzon Batista,L 
(2682)-Ivanchuk,V (2753) Havana, 2014.}) 7... cxd4 8. Nxd4 Be7 9. Be3 O-O 10.
O-O a6 11. Qe2 Qc7 12. Rac1 Nbd7 13. Rfd1 Rfe8 14. b3 Rac8 {[#]} 15. Nf3 (15.
f3 Bf8 16. Qd2 Qa5 17. h3 Rc7 18. f4 Rec8 19. Nf3 (19. f5 $1) 19... b5 20. e5
Ne8 (20... dxe5 21. fxe5 Ne8 22. Ne4 Qxd2 23. Nexd2 $11) 21. Ne4 Qxd2 22. Bxd2
(22. Nexd2 d5 $1) 22... dxe5 23. Ba5 Rb7 24. c5 Ndf6 (24... Nxc5 {looks safe.})
25. c6 Ra7 26. Nxf6+ Nxf6 27. Rd8 $16 {1-0 (59) Anton Guijarro,D (2627)
-Gabuzyan,H (2607) Martuni, 2016.}) 15... Nf8 16. Bd4 Ng6 17. Qd3 Qa5 18. Qd2
Qh5 19. Qg5 Qxg5 20. Nxg5 {Diagram [#]A Hedgehog where White plays for a draw
is a great test of Black's ability to get the most out of a Sicilian pawn
structure.} Rc6 21. Nf3 Rec8 22. a4 Nd7 23. g3 Bd8 24. Kf1 Ba5 25. Ke2 f6 26.
Be3 Nc5 27. Bxc5 dxc5 28. Kd3 Kf8 29. Kc2 Ke8 30. Rd3 Nh8 31. Rcd1 Nf7 32. Rd7
R6c7 33. Rxc7 Bxc7 34. Ne2 Ke7 35. Ne1 g5 36. Nd3 Bd6 37. f4 h5 38. Rf1 {[#]}
Rh8 {Black gets to choose which file opens on the kingside.} 39. h4 gxh4 40.
gxh4 Rg8 41. Rg1 Rg4 42. Rxg4 hxg4 43. Kd2 b6 44. Ke3 f5 45. Ng3 Nh6 46. e5 Bc7
{Diagram [#]Is this a Critical Position?} 47. Ke2 $6 (47. b4 $1 {gives White's
Ns something to do, and looks like a draw.} cxb4 48. Nxb4 a5 49. Nd3 Kd7 50. c5
$11) 47... a5 {Now White has three pawns to target: b3, f4, and h4.} 48. Nf2 (
48. Ne1 Kf7 49. Ng2 {can Black break through if White keeps the N on g2?})
48... Kf7 49. Nfh1 Bd8 50. h5 Ng8 51. Nf1 Ne7 52. Nhg3 Nc6 53. Kd3 Nd4 54. Kc3
Kg7 55. Kb2 Bh4 56. Kc3 Kh6 57. Kb2 Nf3 58. Kc3 Ne1 {[#]} 59. Ne2 (59. Kd2 Ng2
{wins f4, when there will still be three weak pawns to attack.}) 59... Kxh5 60.
Nfg3+ Kg6 61. Nf1 Ng2 62. Kd3 Bf2 0-1

[Event "42nd Olympiad"]
[Site "Baku"]
[Date "2016.09.05"]
[Round "4.27"]
[White "Hansen, Eric"]
[Black "Irwanto, Sadikin"]
[Result "1-0"]
[WhiteElo "2582"]
[BlackElo "2327"]
[Annotator "Eric Hansen"]
[PlyCount "147"]
[EventDate "2016.09.02"]
[EventType "team-swiss"]
[EventRounds "11"]
[EventCountry "AZE"]
[SourceTitle "Chess Canada 2016Olympia"]
[Source "CFC"]
[SourceDate "2016.12.01"]
[WhiteTeam "Canada"]
[BlackTeam "Indonesia"]
[WhiteTeamCountry "CAN"]
[BlackTeamCountry "INA"]

{Indonesia was no pushover. My opponent had just come off a win against Luke
McShane of England while the three other boards were handled by underrated
Indonesian teenagers.} 1. e4 e5 2. Nf3 Nc6 3. Bb5 a6 4. Ba4 Nf6 5. O-O Be7 6.
Re1 b5 7. Bb3 d6 8. c3 O-O 9. h3 Bb7 10. d4 {Diagram [#]} h6 $5 (10... Re8 {
Is much more common in the Smyslov.}) 11. Nbd2 Re8 12. a3 {I had a specific
game I wanted to follow in my preparation and this was an attempt to transpose
to it. Standard would be Nf1-g3 here.} ({A possible continuation would be:} 12.
Nf1 Bf8 13. Ng3 Na5 14. Bc2 Nc4 {with many high-level games b3 or a4.}) 12...
Bf8 13. d5 Nb8 (13... Na5) (13... Ne7) 14. Nh2 Nbd7 {Diagram [#]} 15. Ng4 (15.
Qf3 a5 16. Ndf1 Nc5 17. Ba2 $11 {Van Kampen,R (2636)-Ghaem Maghami,E (2586)
Montreal, 2014 (1-0, 63).}) 15... Nc5 (15... Nxg4 16. hxg4 Nc5 (16... c6 17.
dxc6 Bxc6 18. Nf1 Nc5 19. Bd5 {With a strategic advantage.}) 17. Bc2 c6 18. Nf1
cxd5 19. exd5 g6 20. Ng3 Bg7 21. Be3 $14) 16. Bc2 c6 17. Nxf6+ Qxf6 18. b4 Nd7
19. Nb3 $5 {Diagram [#] We both had spent no time on our clocks at this point.
I was following a game of Adams while I wasn't sure if my opponent was in
theory or just playing fast.} cxd5 20. Na5 Rab8 21. Nxb7 Rxb7 22. Qxd5 Rc7 {
Diagram [#]} 23. Bd2 ({The game in question which I wanted to blindly follow.
I assumed it was a clean win by Adams but it turns out I should have checked
the details..} 23. Qd3 Rec8 24. Bd2 Nb6 25. a4 Nc4 26. axb5 axb5 27. Bb3 Nxd2
28. Qxd2 Rxc3 29. Re3 Rxe3 30. fxe3 $1 Rc7 31. Bd5 $14 g6 32. Qd3 Qg5 33. Rf1
h5 34. Rf3 Qh4 35. Kh2 $16 Bh6 36. Qxb5 Kh7 37. Qe8 Bg7 38. Bxf7 Re7 39. Qd8 {
1-0 Adams,M (2742)-Matlakov,M (2689) Skopje, 2015  I challenge the readers to
find an energetic improvement that could have been played before White
achieved the squeeze.}) 23... Nb6 24. Qd3 Nc4 ({I was hoping for a clean
transposition into my prep :)} 24... Rec8 25. a4 Nc4 26. axb5 axb5 27. Bb3 Nxd2
28. Qxd2 Rxc3 29. Re3 Rxe3 30. fxe3 {and we're back to Adams-Matlakov (above).}
) 25. a4 g6 26. axb5 axb5 {Diagram [#]} 27. Bb3 $2 {Carelessly played without
thinking..} ({Better is} 27. Be3 Qe6 (27... d5 $2 28. Qxd5 Nxe3 29. Rxe3 Rec8
30. Rf3 Qc6 31. Bb3 $16) 28. Bb3 Rec8 29. f3 Qe8 30. Bf2 $14) 27... d5 $1 {
This obvious move shook me on a few different levels. First of all, I had just
made a poor move to allow this. Secondly, it came to my realization that if my
opponent had entered 'my prep' that this resource was probably fully playable
and equalizing.} (27... Rec8 28. Bxc4 bxc4 29. Qd5 $16) 28. Be3 (28. Qxd5 $4
Rd8 $19) (28. exd5 e4 29. Qc2 Nxd2 30. Qxd2 Qxc3 31. Qxc3 Rxc3 32. Re3 Rec8 $17
) (28. Bxc4 dxc4 (28... bxc4 $5 29. Qc2 d4 $13) 29. Qe2 Rd7 30. Ra5 Qc6 31.
Rea1 Red8 32. Be3 Rd3 33. Qe1 {is barely equal.}) 28... dxe4 ({Precise was} 
28... d4 29. cxd4 Bxb4 30. Red1 Nxe3 (30... exd4) 31. fxe3 Qb6 $1 32. Bd5 Bc3
$11) (28... Nxe3 29. fxe3 dxe4 30. Qxb5 Rec8 31. Rf1 Qg5 32. Rxf7) 29. Qxe4 {
Diagram [#] The hope for a slightly better opposite bishops endgame lives on.}
Nd6 $6 {Black had far easier ways to liquidate with equality} (29... Rec8 $11 {
is fine.}) (29... Nxe3 30. Rxe3 Qf5 $1 31. Qxf5 (31. Qd5 e4) 31... gxf5 32. Rf3
f4 $11) 30. Qd5 {I'm happy to give up a pawn in order to activate my rooks and
bishops.} Rxc3 31. Ra6 Qe6 (31... Rd8 32. Bb6 Re8 33. Bc5 Qe6 34. Qxe6 fxe6 35.
Re3 Rxe3 36. Bxe3 Kf7 37. Rb6 Ra8 $11 {Black should hold here without a lot of
problems, but it isn't pretty.}) (31... Qe7 32. Rxd6 Rxb3 33. Bc5 $18) 32. Qxe6
fxe6 {Diagram [#] Despite being a pawn down I think only White can be
preferred here based on the pawn structure. Now the key is to keep pieces on
the board and make life as hard as possible for Black.} 33. Rb1 (33. Bc5 {
would be a quick way to draw.}) 33... Nc4 $6 (33... Kg7 {and try to get ...Kf6
and ...Nf5 with active counterplay.}) 34. Bxc4 {Diagram [#]} Rxc4 {Draw offer
by Black. I got up from my chair and consulted our captain Victor Plotkin
about it, but I knew already what he was going to say...} ({If you don't like
the game variation then 34.bxc4 needs to be seriously analyzed} 34... bxc4 35.
b5 Rb3 36. Raa1 $1 (36. Rxb3 $2 cxb3 37. Ra1 b2 38. Rb1 Ba3 39. Kf1 Kf7 40. Ke2
Rc8 41. b6 g5 $17) 36... Ra8 $5 (36... Rb8 $6 37. b6 $16) 37. b6 (37. Rxa8
Rxb1+ 38. Kh2 Kf7 39. b6 Be7 40. Rc8 Bg5 $1 $11) 37... Rxa1 38. Rxa1 c3 {
[#]Analysis Diagram} 39. Kf1 (39. Ra7 Bc5 $1 40. Bxc5 c2 41. Be3 Rxe3 42. fxe3
c1=Q+ 43. Kh2 Qxe3 44. Ra8+ Kf7 45. b7 Qf4+ 46. Kg1 Qc1+ $11) 39... Rb2 40. Ke1
(40. Ra7 c2 41. Rc7 Bd6 42. Rc6 Bf8 {looks nice for White, but I don't see a
breakthrough.}) 40... c2 41. Rc1 Bb4+ 42. Ke2 Kg7 43. Kd3 Ba5 $11) 35. Rb6 Bxb4
$6 ({At this point it's clear that Black is going to suffer a little either
way, so he might as well trade pieces and make life a little easier:} 35...
Rxb4 36. Rxb4 Bxb4 37. Bxh6 Bc3 38. Rxb5 Ra8 39. Kh2 (39. Rb7 e4 40. Re7 Ra6
$14) 39... Bd4 40. f3 Ra2 41. Rb7 e4 $1 $11) 36. Bxh6 (36. Rxb5 Bf8 37. Rxe5
Bg7 38. Ra5 Re7 $11) 36... Bc5 37. R6xb5 Rc2 {Diagram [#]} 38. Rb7 $1 {I'm
happy with this move as an attempt to complicate things.} (38. Be3 Bxe3 39.
fxe3 Rf8 40. Rxe5 Rff2 41. Rg5 Kg7 42. Rb4 Rf5 43. Rgg4 g5 {I've analyzed this
endgame a bit more and I just don't see anything. Of course, I can always push
forever.}) 38... Rxf2 (38... Bxf2+ 39. Kh2 e4 (39... Bd4 40. Rg7+ Kh8 41. Rd7
Bb2 42. Rb7 Bd4 43. Bg7+ Kg8 44. Bf6 Rf2 45. Rg7+ Kf8 46. Rxg6 Kf7 47. Rh6 $16)
40. Rg7+ Kh8 41. Rd7 {Analysis Diagram [#]} Bh4 $8 {This move escaped me
during the game. Black is lost otherwise} 42. Rbb7 (42. Bg7+ Kg8 43. Be5 Be7
44. Rbb7 Rc5 $1 45. Bb2 Bf8 46. Rh7 Rh5 $11) 42... Bf6 43. Bg7+ Bxg7 44. Rxg7
e3 45. Rxg6 e2 46. Rb1 (46. Rh6+ {and White can force a draw.}) 46... e5 47.
Rg3 Kh7 48. Re1 Kh6 49. Re3 Kg5 50. g3 e4 51. R3xe2 Rxe2+ 52. Rxe2 Kf6 53. g4
Ke5 54. Kg2 $11 {Black's king and pawn are too fast.}) 39. Rg7+ (39. Kh2 $6 Rf7
$11) 39... Kh8 40. Kh2 Bf8 41. Rxg6 Kh7 42. Be3 Kxg6 43. Bxf2 {Diagram [#]
After a more-or-less forced sequence, I was quite happy to achieve this, since
the connected passers guarantee some winning chances. I was also looking
forward to redeeming myself after spoiling a winning endgame against Short.}
Bh6 $6 {From this point on my opponent starts to falter badly. The endgame
should be a draw with precise play, which starts by activating the R:} (43...
Rc8 $1 44. Rb2 (44. Re1 Rc4 $1 45. Bg3 e4 46. Re2 Bc5 $11) 44... e4 {[%cal
Gf8d6]} 45. g4 Rc4 46. Kg2 Be7 47. Re2 (47. Be3 Bh4 $11) 47... Bd6 48. h4 e3
49. h5+ Kh7 $11) 44. Re1 Bd2 (44... Rf8 45. Kg1 (45. Bg3 Bf4 46. Bxf4 exf4 47.
Rxe6+ Kf5 {is yet another endgame that he can hold.}) 45... Kf5 (45... Bg7 46.
g4 Ra8 47. Re2 Ra3 48. Kg2 Ra4 49. Bg3 e4 50. h4 $14) 46. g4+ Kf6 47. Bh4+ Kf7
48. Rxe5 $14) 45. Re2 Bc3 (45... Bf4+ 46. g3 $16) 46. g4 Rd8 47. Bg3 Rd5 48.
Kg2 Bd4 49. h4 Rb5 50. Be1 {Diagram [#] Ideally, I want to trade off the rooks
and bring my king to e4. There is no real way to force that, so White's goal
is to carefully nurture the two passers while avoiding any tricks.} Rb3 51. Bd2
{Transferring the bishop to a better diagonal} Rd3 52. h5+ Kf6 (52... Kg7 53.
g5 e4 54. Bc1 {A textbook-like defence would be} Rd1 (54... e3 $6 55. Kf3 $16)
55. Rxe4 e5 $1 56. Be3 Re1 57. Kf2 (57. Kf3 Rf1+ 58. Kg4 Re1 59. Rxd4 exd4 60.
Bxd4+ Kh7 $11) 57... Rh1 58. Bxd4 exd4 59. h6+ Kg6 $11 {and it looks good, but
there's way to progress.}) {[#]} 53. Bh6 $1 {Cutting the king off slowly but
surely.} ({During the game I thought 53.g5 was hasty:} 53. g5+ Kf5 54. g6 e4
55. Bh6 ({But here I totally missed...} 55. Be3 $3 Ba1 (55... Bxe3 56. g7 $18)
56. Rf2+ Kg4 57. h6 $18) 55... Kg4 56. g7 Rg3+ 57. Kh2 Rh3+ 58. Kg2 Rg3+ $11)
53... Rd1 ({editor -} 53... Rc3 $5 54. Re1 Rc2+ 55. Kf3 Rc3+ 56. Ke4 Rg3 57.
g5+ Rxg5 58. Bxg5+ Kxg5 59. Rh1 Kh6 $18 {The white K goes to g4 and the R
flushes out the blockader. If the pawn was on h6 and the Black K on h7 it
would be a Lomonosov tablebase draw.}) 54. Kh2 ({I decided against} 54. g5+ Kf5
55. g6 Rg1+ (55... e4 56. Be3 $18) 56. Kh2 e4 57. Rd2 $8 $18 {I once again
missed this move.  Nothing else is enough:} (57. Rg2 Rxg2+ 58. Kxg2 Kg4 $11) (
57. g7 Rg4 58. Kh3 Rg1 59. Rg2 Rh1+ 60. Kg3 Be5+ 61. Kf2 Bxg7 62. Bxg7 Rxh5 $11
)) (54. Kf3 {Deserved a lot of attention as well.}) 54... Bg1+ (54... Rg1 55.
Rg2 $16) 55. Kg3 Bd4 56. Kh2 (56. g5+ Kf5 57. g6 e4) 56... Bg1+ 57. Kh3 {
Diagram [#]} Rd3+ $2 {Black forgot he was supposed to repeat.} ({This time,
after} 57... Bd4 {I was going to march to e4} 58. Kg2 Rg1+ 59. Kf3 $14) 58. Kg2
Bd4 (58... Rd1 59. Rd2 Rb1 60. g5+ Kf5 61. g6 Kf6 62. Rd7 $18) 59. Re1 $18 {
Getting rid of Black's back-rank counterplay. The other main benefit is now my
rook gets access to f1, and with that my pawns roll way too fast.} Ke7 60. Bg5+
Kf7 61. Rf1+ Kg8 62. Rf6 e4 63. Rxe6 Be3 64. Bxe3 Rxe3 65. Kf2 Rf3+ 66. Ke2 {
Diagram [#]} Rg3 (66... Rf4 67. Rg6+ Kh7 68. Ke3 Rf1 69. Kxe4 $18) 67. Rxe4 Kf7
68. Kf2 Ra3 69. Re3 Ra4 70. Kg3 Kf6 71. Rf3+ Kg7 72. Kh4 Ra5 73. Rb3 Ra7 74.
Rb6 {It doesn't feel good to blitz out 25 moves of preparation and get an
uncomfortable position with White. Yet my opponent relaxed far too much after
the opening and I was satisfied with the pressure I put on in the later stages
of the game.} (74. Rb6 Ra1 75. Rb7+ Kg8 76. h6 Kh8 77. g5 Kg8 78. g6 Ra4+ 79.
Kg5 Ra5+ 80. Kf4 Ra4+ 81. Ke3 Ra3+ 82. Kd4 Ra8 83. Rd7 Re8 84. Kd5 Kh8 85. Kd6
Ra8 86. Ke7 $18) 1-0

[Event "42nd Olympiad"]
[Site "Baku"]
[Date "2016.09.05"]
[Round "4.27"]
[White "Hansen, Eric"]
[Black "Irwanto, Sadikin"]
[Result "1-0"]
[WhiteElo "2582"]
[BlackElo "2327"]
[Annotator "John Upper"]
[PlyCount "147"]
[EventDate "2016.09.02"]
[EventType "team-swiss"]
[EventRounds "11"]
[EventCountry "AZE"]
[SourceTitle "Chess Canada 2016Olympia"]
[Source "CFC"]
[SourceDate "2016.12.01"]
[WhiteClock "0:07:50"]
[BlackClock "0:01:27"]

1. e4 e5 2. Nf3 Nc6 3. Bb5 a6 4. Ba4 Nf6 5. O-O Be7 6. Re1 b5 7. Bb3 d6 8. c3
O-O 9. h3 Bb7 10. d4 h6 11. Nbd2 Re8 12. a3 Bf8 13. d5 Nb8 14. Nh2 Nbd7 15. Ng4
(15. Qf3 a5 16. Ndf1 Nc5 17. Ba2 b4 18. cxb4 axb4 19. Ng3 bxa3 20. b4 Ncd7 21.
Bb3 c6 22. dxc6 Bxc6 23. Bxa3 Ba4 24. Ba2 g6 25. Bc1 Qe7 26. Ng4 Nxg4 27. Qxg4
Kh7 28. Qf3 $14 {1-0 (63) Van Kampen,R (2636)-Ghaem Maghami,E (2586) Montreal
2014}) 15... Nc5 16. Bc2 c6 17. Nxf6+ Qxf6 18. b4 Nd7 19. Nb3 cxd5 20. Na5 Rab8
21. Nxb7 Rxb7 22. Qxd5 Rc7 23. Bd2 (23. Qd3 Rec8 24. Bd2 Nb6 25. a4 Nc4 26.
axb5 axb5 27. Bb3 Nxd2 28. Qxd2 Rxc3 29. Re3 Rxe3 30. fxe3 $3 {activates the R
and the B.} Rc7 31. Bd5 g6 32. Qd3 Qg5 33. Rf1 h5 34. Rf3 $16 Qh4 $2 35. Kh2
Bh6 36. Qxb5 Kh7 37. Qe8 Bg7 38. Bxf7 Re7 39. Qd8 {1-0 (39) Adams,M (2742)
-Matlakov,M (2689) Skopje 2015}) 23... Nb6 24. Qd3 Nc4 25. a4 g6 26. axb5 axb5
27. Bb3 d5 28. Be3 dxe4 29. Qxe4 Nd6 30. Qd5 Rxc3 31. Ra6 Qe6 $1 $11 32. Qxe6
fxe6 33. Rb1 Nc4 34. Bxc4 Rxc4 35. Rb6 Bxb4 36. Bxh6 Bc5 37. R6xb5 Rc2 {
Diagram [#]} 38. Rb7 $5 (38. Be3 Bxe3 39. fxe3 Rf8 40. Rxe5 Rff2 41. Rg5 Kg7
$14 {White is nominally better, but it might be unwinnable. Certainly, the RB
v RB endgame that results from Eric's move gives White better winning chances,
even if it too is objectively drawn.}) (38. Rf1 Ra8 $11) 38... Rxf2 39. Rg7+
Kh8 40. Kh2 Bf8 41. Rxg6 Kh7 42. Be3 Kxg6 43. Bxf2 $11 {Black should draw this,
but only White has winning chances.} Bh6 44. Re1 Bd2 45. Re2 Bc3 46. g4 Rd8 47.
Bg3 Rd5 (47... Rd2 $2 48. Rxd2 Bxd2 49. Bxe5 $18 {it's not opposite Bs}) 48.
Kg2 Bd4 49. h4 Rb5 50. Be1 Rb3 51. Bd2 Rd3 52. h5+ Kf6 53. Bh6 Rd1 (53... Rc3
$5 54. Re1 Rc2+ 55. Kf3 Rc3+ 56. Ke4 Rg3 57. g5+ Rxg5 58. Bxg5+ Kxg5 59. Rh1
Kh6 $18 {The white K goes to g4 and the R flushes out the blockader. If the
pawn was on h6 and the Black K on h7 it would be a Lomonosov tablebase draw.})
54. Kh2 Bg1+ 55. Kg3 Bd4 56. Kh2 Bg1+ 57. Kh3 Rd3+ (57... Bd4 $142 $14 58. Kg2
(58. Kh4 Rh1+ $11)) 58. Kg2 Bd4 59. Re1 Ke7 60. Bg5+ Kf7 61. Rf1+ Kg8 62. Rf6
e4 63. Rxe6 Be3 64. Bxe3 Rxe3 65. Kf2 Rf3+ 66. Ke2 Rg3 67. Rxe4 Kf7 68. Kf2 Ra3
69. Re3 Ra4 70. Kg3 Kf6 71. Rf3+ Kg7 72. Kh4 Ra5 73. Rb3 Ra7 74. Rb6 1-0

[Event "42nd Olympiad"]
[Site "Baku"]
[Date "2016.09.05"]
[Round "4.28"]
[White "Pasaribu, IMP."]
[Black "Krnan, Tomas"]
[Result "0-1"]
[WhiteElo "1860"]
[BlackElo "2430"]
[Annotator "John Upper"]
[PlyCount "60"]
[EventDate "2016.09.02"]
[EventType "team-swiss"]
[EventRounds "11"]
[EventCountry "AZE"]
[SourceTitle "Chess Canada 2016Olympia"]
[Source "CFC"]
[SourceDate "2016.12.01"]
[WhiteClock "0:00:53"]
[BlackClock "0:03:17"]

1. e4 e5 {For the first 25 moves Black gets nothing against his U1900 opponent.
.. who blunders into a back-rank mate on move 30.} 2. Nf3 Nc6 3. Bc4 Nf6 4. d3
Bc5 5. c3 O-O 6. O-O d5 7. exd5 Nxd5 8. Re1 Bg4 9. Nbd2 Nb6 10. Bb5 Bd6 11. h3
Bh5 12. Ne4 f5 13. Ng3 Bxf3 14. Qxf3 Qd7 {[#]} 15. Nf1 (15. d4 exd4 16. Bxc6 {
½-½ (16) Smirin,I (2676)-Melkumyan,H (2640) Warsaw, 2016.}) (15. a4 a6 16.
Bxc6 bxc6 17. c4 Rab8 18. a5 Nc8 19. c5 Bxc5 20. Rxe5 Bd4 21. Re1 Nd6 {(0-1,
34) Wei,Y (2714)-Vidit,S (2648) Abu Dhabi 20,16.}) 15... a6 16. Bxc6 bxc6 17.
Be3 c5 18. Rad1 Qa4 19. b4 Qa3 20. bxc5 Bxc5 21. Bxc5 Qxc5 22. d4 exd4 23. cxd4
Qd5 {[#]} 24. Qxd5+ (24. Qe2 $14 {when Black's pawns are a teeny bit loose.})
24... Nxd5 25. Re5 Rad8 26. Rc1 Rd7 27. Rc4 g6 28. Ne3 Nf4 29. Kf1 Rb8 $11 {[#]
} 30. g3 $4 Rb1+ 0-1